[Event "ARG-ch 98th"]
[Site "Buenos Aires"]
[Date "2023.10.29"]
[Round "2"]
[White "Gomez, Carlos David"]
[Black "Tristan, Leonardo"]
[Result "1/2-1/2"]
[WhiteElo "2331"]
[BlackElo "2523"]
[PlyCount "56"]
[EventDate "2023.10.28"]
[EventType "tourn"]
[EventRounds "11"]
[EventCountry "ARG"]
[EventCategory "7"]
[SourceTitle "CB46_2023"]
[SourceDate "2023.11.15"]
[SourceVersion "1"]
[SourceVersionDate "2023.11.15"]
[SourceQuality "1"]

1. e4 Nf6 2. e5 Nd5 3. d4 d6 4. Nf3 dxe5 5. Nxe5 c6 6. Bd3 g6 7. 0-0 Bg7 8. Re1 0-0 9. c3 Nd7 10. Nxd7 Qxd7 11. Be4 Qc7 12. Nd2 Be6 13. Nf3 Rad8 14. Qe2 a5 15. a4 Rfe8 16. Bg5 Nb6 17. Qc2 Bd5 18. h4 h6 19. Bc1 e6 20. Ne5 Bxe4 21. Qxe4 Nd5 22. Nd3 Qe7 23. g3 Qf6 24. Bd2 Nb6 25. Bf4 Nd5 26. Bd2 Nb6 27. Bf4 Nd5 28. Bd2 Nb6 1/2-1/2

[Event "Titled Tuesday intern op 11th Jan"]
[Site "Chess.com INT"]
[Date "2022.01.11"]
[Round "11"]
[White "Tanenbaum, Zachary Chen"]
[Black "Gomez, Carlos David"]
[Result "1-0"]
[WhiteElo "2148"]
[BlackElo "2293"]
[PlyCount "39"]
[EventDate "2022.01.11"]
[EventType "swiss (blitz)"]
[EventRounds "11"]
[EventCountry "USA"]
[SourceTitle "CBM 206 Extra"]
[Source "ChessBase"]
[SourceDate "2022.03.31"]
[SourceVersion "1"]
[SourceVersionDate "2022.03.31"]
[SourceQuality "1"]

1. e4 d5 2. exd5 Nf6 3. Bb5+ c6 4. dxc6 bxc6 5. Bc4 e5 6. d3 Bc5 7. Nf3 0-0 8. Bg5 e4 9. Nfd2 e3 10. Bxe3 Bxe3 11. fxe3 Ng4 12. Qf3 Qb6 13. 0-0 Nxe3 14. Rf2 Ng4 15. Nc3 Nxf2 16. Qxf2 Qxb2 17. Re1 Qb6 18. d4 Be6 19. Rxe6 fxe6 20. Bxe6+ 1-0

[Event "Speed Chess GP3"]
[Site "Chess.com INT"]
[Date "2021.10.02"]
[Round "8"]
[White "Gomez, Carlos David"]
[Black "Christiansen, Johan Sebastian"]
[Result "1-0"]
[WhiteElo "2295"]
[BlackElo "2582"]
[PlyCount "77"]
[EventDate "2021.10.02"]
[EventType "swiss (blitz)"]
[EventRounds "10"]
[EventCountry "USA"]
[SourceTitle "CBM 204 Extra"]
[Source "ChessBase"]
[SourceDate "2021.11.30"]
[SourceVersion "1"]
[SourceVersionDate "2021.11.30"]
[SourceQuality "1"]

1. d4 Nf6 2. Nf3 d5 3. e3 e6 4. Bd3 Bd6 5. 0-0 b6 6. b3 0-0 7. Bb2 Bb7 8. c4 Ne4 9. Nbd2 Nd7 10. Qc2 f5 11. Rac1 c6 12. Ne5 Bxe5 13. dxe5 Ndc5 14. Be2 Rf7 15. cxd5 exd5 16. f3 Nxd2 17. Qxd2 Ne6 18. Rfd1 f4 19. exf4 Nxf4 20. Bf1 Ne6 21. b4 a6 22. Qe3 Rc8 23. g3 c5 24. bxc5 bxc5 25. f4 d4 26. Qb3 Bd5 27. Bc4 Bxc4 28. Qxc4 Qe7 29. Bxd4 g5 30. Be3 gxf4 31. gxf4 Kh8 32. Qe4 Rg8+ 33. Kh1 Qh4 34. Rg1 Rgf8 35. Rg3 Rf5 36. Rcg1 Nxf4 37. Qxf5 Ng6 38. Qxf8+ Nxf8 39. Rg8# 1-0

[Event "Speed Chess GP3"]
[Site "Chess.com INT"]
[Date "2021.10.02"]
[Round "2"]
[White "Vifleemskaia, Svetlana"]
[Black "Gomez, Carlos David"]
[Result "0-1"]
[WhiteElo "1926"]
[BlackElo "2295"]
[PlyCount "48"]
[EventDate "2021.10.02"]
[EventType "swiss (blitz)"]
[EventRounds "10"]
[EventCountry "USA"]
[SourceTitle "CBM 204 Extra"]
[Source "ChessBase"]
[SourceDate "2021.11.30"]
[SourceVersion "1"]
[SourceVersionDate "2021.11.30"]
[SourceQuality "1"]

1. d4 d5 2. c4 c6 3. cxd5 cxd5 4. Bf4 Nc6 5. e3 Nf6 6. Nc3 a6 7. Bd3 Bg4 8. Nge2 e6 9. f3 Bh5 10. 0-0 Be7 11. Rc1 Rc8 12. a3 0-0 13. b4 b5 14. h3 Bg6 15. g4 Nd7 16. Bxg6 hxg6 17. e4 Nb6 18. Qd3 Nc4 19. Nd1 dxe4 20. fxe4 e5 21. Be3 exd4 22. Bf2 Bg5 23. Rc2 N6e5 24. Qxd4 Nf3+ 0-1

[Event "Titled Tuesday intern op 10th Aug"]
[Site "Chess.com INT"]
[Date "2021.08.10"]
[Round "4"]
[White "Gomez, Carlos David"]
[Black "Mirzoev, Azer"]
[Result "0-1"]
[WhiteElo "2295"]
[BlackElo "2436"]
[PlyCount "78"]
[EventDate "2021.08.10"]
[EventType "swiss (blitz)"]
[EventRounds "11"]
[EventCountry "USA"]
[SourceTitle "CBM 203 Extra"]
[Source "ChessBase"]
[SourceDate "2021.09.30"]
[SourceVersion "1"]
[SourceVersionDate "2021.09.30"]
[SourceQuality "1"]

1. d4 c6 2. e3 d5 3. Bd3 Nf6 4. Nd2 Bg4 5. f3 Bh5 6. Nh3 Bg6 7. Nf4 Bxd3 8. Nxd3 Nbd7 9. c3 e6 10. 0-0 c5 11. f4 Be7 12. Ne5 0-0 13. Rf3 Ne4 14. Rh3 f5 15. Nxe4 dxe4 16. Qb3 Nxe5 17. Qxe6+ Nf7 18. Qxf5 g6 19. Qxe4 Qd7 20. Bd2 Rae8 21. Rf1 Bf6 22. Qd3 Qf5 23. Qc4 b6 24. Bc1 h5 25. Rg3 Kh7 26. Rgf3 Nd6 27. Qe2 cxd4 28. cxd4 Bxd4 29. Rd1 Bc5 30. a3 Ne4 31. Qc2 Rf7 32. b4 Bf8 33. Bb2 Bg7 34. Bxg7 Rxg7 35. Qc6 Ree7 36. Rd5 Qe6 37. Qc4 Rgf7 38. Qd4 Rd7 39. f5 Qxd5 0-1